000 00307nam a22001217a 4500
008 260530b |||||||| |||| 00| 0 eng d
020 _a9789381275238
100 _aNagasampige, A V
245 _aBhavaratna Kosa
260 _aBangalore
_bPoorna Prajna Samshodhan Trust
_c2012
300 _a616p
942 _2ddc
999 _c1493
_d1493